000 00459nam a22001577a 4500
005 20150610160455.0
008 150610b xxu||||| |||| 00| 0 eng d
022 _a2394-9643
037 _bDPL /Pub
245 _aJournal of creating value
260 _aNew Delhi
_bSage Publication
_c2015
300 _av.
_c24 cm
310 _aBi-annually
270 _bNew Delhi
_e110044
_aB1/1-1, Mohan Cooperative Industrial Area, Mathura Road,
942 _2ddc
_cSR
_s1
_mJOU
999 _c94202
_d94202